| 000 | 00947cam a2200277 a 4500 | ||
|---|---|---|---|
| 001 | 3034237 | ||
| 005 | 20170105102916.0 | ||
| 008 | 950620s1996 nyuab b 001 0 eng | ||
| 010 | _a 95032617 | ||
| 020 | _a0688137385 (acidfree paper) | ||
| 040 |
_aDLC _cDLC _dDLC |
||
| 043 | _aae----- | ||
| 050 | 0 | 0 |
_aUA832.5 _b.C35 1996 |
| 082 | 0 | 0 |
_a355/.03305 _220 |
| 100 | 1 | _aCalder, Kent E. | |
| 245 | 1 | 0 |
_aPacific defense : _barms, energy, and America's future in Asia / _cKent E. Calder. |
| 250 | _a1st ed. | ||
| 260 |
_aNew York : _bW. Morrow, _cc1996. |
||
| 300 |
_axi, 253 p. : _bill., map ; _c24 cm. |
||
| 504 | _aIncludes bibliographical references (p. 227-242) and index. | ||
| 650 | 0 |
_aArms race _zEast Asia. |
|
| 650 | 0 |
_aDefense industries _zEast Asia. |
|
| 906 |
_a7 _bcbc _corignew _d1 _eocip _f19 _gy-gencatlg |
||
| 942 |
_2ddc _cBK |
||
| 999 |
_c15357 _d15357 |
||